Transmettre : un effort sans cesse renouvelé (notice n° 1649733)
[ vue normale ]
| 000 -LEADER | |
|---|---|
| fixed length control field | 02020cam a2200169 4500500 |
| 005 - DATE AND TIME OF LATEST TRANSACTION | |
| control field | 20260208004506.0 |
| 041 ## - LANGUAGE CODE | |
| Language code of text/sound track or separate title | fre |
| 042 ## - AUTHENTICATION CODE | |
| Authentication code | dc |
| 100 10 - MAIN ENTRY--PERSONAL NAME | |
| Personal name | Berliner, David |
| Relator term | author |
| 245 00 - TITLE STATEMENT | |
| Title | Transmettre : un effort sans cesse renouvelé |
| 260 ## - PUBLICATION, DISTRIBUTION, ETC. | |
| Date of publication, distribution, etc. | 2025.<br/> |
| 500 ## - GENERAL NOTE | |
| General note | 22 |
| 520 ## - SUMMARY, ETC. | |
| Summary, etc. | La transition énergétique et écologique passe par les collectivités territoriales. C’est ce qu’ont montré deux lois adoptées en 2015 presque simultanément, le 7 et le 17 août. La nouvelle organisation de la République française confie en effet aux régions et aux communes une large part de la mise en œuvre des dispositions destinées à limiter le réchauffement climatique, tout en permettant le développement durable. Un partage fonctionnel de compétences conduit en effet les régions à décliner sous forme de schémas des objectifs nationaux que les groupements de communes doivent respecter dans la délivrance de services de proximité dont ils sont chargés. Au-delà, c’est même un nouveau référentiel économique et écologique que les uns et les autres doivent promouvoir : celui de l’économie circulaire. |
| 520 ## - SUMMARY, ETC. | |
| Summary, etc. | Energy and ecological transition through local authorities. This was shown two laws adopted in 2015, almost simultaneously, on 7 and 17 August. The new organization of the French Republic refers in fact to the regions and municipalities a large part of the implementation of provisions to limit global warming, while allowing sustainable development. A functional division of powers led indeed the regions to decline as diagrams national objectives as the inter-municipal authorities must meet in delivering local services which they are responsible. Beyond that, it’s even a new economic and ecological repository that one and the other must promote : the circular economy. |
| 786 0# - DATA SOURCE ENTRY | |
| Note | La Revue Nouvelle | 258 | 8 | 2025-12-04 | p. 2-4 | 0035-3809 |
| 856 41 - ELECTRONIC LOCATION AND ACCESS | |
| Uniform Resource Identifier | <a href="https://shs.cairn.info/revue-la-revue-nouvelle-2025-8-page-2?lang=fr&redirect-ssocas=7080">https://shs.cairn.info/revue-la-revue-nouvelle-2025-8-page-2?lang=fr&redirect-ssocas=7080</a> |
Pas d'exemplaire disponible.




Réseaux sociaux